000 00330nam a2200145Ia 4500
008 150201s2008 xx 000 0 und d
082 _a617
_bC08C
100 _aCAMERON, J.L.
245 _aCURRENT SURGICAL THERAPY
250 _a9TH
260 _bMOSBY
_aELSEVIER
_c2008
300 _a1-1397
650 _aSURGERY
942 _2ddc
_cBK
999 _c582
_d582